Doprava a manipulace s materiálem v zemědělství /

Uložené v:
Podrobná bibliografia
Hlavný autor: Mührel, Kunibert (Author)
Ďalší autori: Velebil, Miloslav (Translator, Author of introduction, etc.)
Médium: Kniha
Jazyk:Czech
German
Vydané: Praha : Státní zemědělské nakladatelství, 1978
Vydanie:1. vyd.
Edícia:Mechanizace, výstavba a meliorace
ISBN: (viaz.)
Fyzický popis: 327 s. : tb.
Tagy: Pridať tag
Žiadne tagy, Buďte prvý kto otaguje tento záznam!

MARC

LEADER 00000nam a22000001 4500
001 000107708
005 20100718111425.0
008 970513s1978 xr cze
020 |a (viaz.)  |c Kčs 40,00 
040 |a SVKKK  |b slo  |c SVKKK  |e AACR2 
041 1 |a cze  |h ger 
100 1 |a Mührel, Kunibert  |4 aut 
245 1 0 |a Doprava a manipulace s materiálem v zemědělství /  |c Kunibert Mührel ; z něm. orig. Landwirtschaftliche Transporte und Fördertechnik přel. a doplnil Miloslav Velebil ... [et al.]. 
250 |a 1. vyd. 
260 |a Praha :  |b Státní zemědělské nakladatelství,  |c 1978  |f (Mír) 
300 |a 327 s. :  |b tb. 
366 |e 2000 výt. 
490 1 |a Mechanizace, výstavba a meliorace 
504 |a Prehľ. lit. 
500 |a Väzba: Jiří Dušek 
700 1 |a Velebil, Miloslav  |4 trl  |4 aui 
910 |a svkkk 
998 |a BK 
090 |g SCKHL  |k Sklad Pribinova 1. posch.  |a IV.93478  |j 583395  |i 107708-10  |s Absenčne